Регионална библиотека "Любен Каравелов" - Русе

Съкровището от Константинопол (Запис номер 180480)

MARC детайли
000 -Лидер
Контролно поле с фиксирана дължина 01380nam a2200361 c 4500
003 - Код на организацията, давaща контролен номер
Контролно поле BLK
005 - Дата и час на последна редакция
Контролно поле 20210731155551.0
008 - Елементи от данни с фиксирана дължина
fixed length control field 180411b bul|||||r ||||||| ||bul||
010 ## - Наследен системен номер
LC control number KNG00189337000
020 ## - Международен стандартен номер на книга ISBN
Международен стандартен номер на книга ISBN 978-619-161-107-2
-- издат.: Персей
040 ## - Източник на каталожния запис
Идентификатор на билиотеката - собственик на записа BLK
041 ## - Код за език
Код за езика на текст/звукозапис или на отделно заглавие Български
Код за езика КДБФ Български
072 #7 - Код за тематичната категория
Код организация bullib
Код за тематична категория Н85
Текст Детска художествена литература Н
080 ## - УДК
Текстов определител УДК Норвежка литература
УДК код - определител по УДК 821.113.5
УДК определител -312.4
УДК - код + определител 821.113.5-312.4
100 1# - Редна дума - Автор
Автор Егеланд, Том
Авторска отговорност първи автор
R(LIN) 66676
139 ## - Редно поле
Редна дума Егеланд, Том
Авторски знак Ег - Е 23
245 10 - Сведения за заглавието
Заглавие Съкровището от Константинопол
Подзаглавни данни Роман за млади читатели
Редно поле (дума) Том Егеланд; прев. Ростислав Петров.
257 ## - Страна на издаване
Страна на създаване/издаване Норвегия
260 ## - Област на издателските данни
-- София
Име на издателя, разпространителя и проч. Персей
Година на издаване 2016
300 ## - Физическа характеристика
Страници 256 с.
Размери/Мащаб 20 см
380 ## - Жанр
Жанр Худож. лит.
500 ## - Общи забележки
Забележка Ориг. загл. Skatten fra Miklagard / Tom Egeland
653 ## - Ключова дума – ненормативна
Ключова дума детска литература
653 ## - Ключова дума – ненормативна
Ключова дума приключенска литература
653 ## - Ключова дума – ненормативна
Ключова дума трилъри
659 ## - Тематичен бюлетин
Тематичен бюлетин Н
700 1# - Други автори (авторска отговорност)
Лично име Петров, Ростислав
Автороска отговорност (Описва отношението между автора и произведението) прев.
9 (RLIN) 381074
852 ## - Местоположение
Форматна сигнатура Цб 281583
856 4# - Електронен адрес и достъп
Електронен формат pdf - файл
Път до файла /url/
856 4# - Електронен адрес и достъп
Електронен формат pdf - файл
Път до файла /url/
942 ## - АРТИКУЛИ
Вид на библиотечния материал Книги
Скрит в OPAC Не
Koha issues (borrowed), all copies 3
944 ## - СЪЗДАВАНЕ И РЕДАКЦИЯ на ЗАПИСА
Създаване/Редакция Създаване
Дата на регистрацията/редакция 20.07.2016
Служител, извършил регистрацията/редакцията Виолета_Тройчева
944 ## - СЪЗДАВАНЕ И РЕДАКЦИЯ на ЗАПИСА
Създаване/Редакция Редакция
Дата на регистрацията/редакция 19.01.2017
Служител, извършил регистрацията/редакцията Виолета_Тройчева
999 ## - СИСТЕМНИ КОНТРОЛНИ НОМЕРА
Koha biblionumber 180480
Koha biblioitemnumber 180480
Наличности
Код за отписване Код за изгубен артикул Код за повреда Коз за рестрикции Код за отдаване Артикулен № Име на библиотеката - собственик Име на библиотеката, в която се намира в момента Статус (Текущо местоположение) Дата на вписване в системата Местоположение - отдел Цена в лева Инвентарен номер Систематично азбучна сигнатура Баркод Номер на екземпляра Цена в евро Служебна бележка Служебен тип на артикула
  Не е изгубен Не е повреден без рестрикции заемане за дома 309284 Регионална библиотека "Любен Каравелов" Русе Регионална библиотека "Любен Каравелов" Русе Детски отдел 2016-07-21 Детски отдел 7.80 120000802401 ДХ 820/899/Е 23 120000802401 1 3.99 Дост: Pk Вид: Ф N: 700 Дата: 19.07.2016 Книги
Vip Innovations Ltd, Rousse, Bulgaria 2025